Taylor Swift - Cassandra (Lyrics) - Statistics

General Stats
  • This quiz has been taken 68 times
  • The average score is 281 of 358
Answer Stats
Answer % Correct
Cassandra
100%
Cause
100%
first
100%
kill
100%
killed
100%
she
100%
So
100%
so
100%
the
100%
The
100%
they
100%
They
100%
who
100%
feared
96%
worst
96%
a
93%
and
93%
And
93%
I
93%
in
93%
In
93%
it
93%
That
93%
that
93%
but
89%
Do
89%
my
89%
to
89%
was
89%
when
89%
When
89%
you
89%
You
89%
me
85%
no
85%
No
85%
say
85%
where
85%
all
81%
for
81%
it's
81%
It's
81%
knew,
81%
knew
81%
Not
81%
of
81%
something
81%
that's
81%
time
81%
what
81%
What
81%
believe
78%
I'm
78%
now?
78%
onto
78%
regret
78%
said
78%
they're
78%
call
74%
nothing
74%
one
74%
town
74%
whole
74%
got
70%
heard
70%
house
70%
like
70%
single
70%
snakes
70%
word
70%
are?
67%
comes
67%
if
67%
new
67%
out
67%
soul
67%
tell
67%
truth
67%
up
67%
wall
67%
with
67%
bitch',
63%
can
63%
crack
63%
daydreams
63%
doesn't
63%
filled
63%
makes
63%
payroll
63%
quiet
63%
raging
63%
there's
63%
tried
63%
along
59%
'burn
59%
cell
59%
chorus
59%
line
59%
never
59%
Patching
59%
saying
59%
streets
59%
words
59%
aware
56%
Bet
56%
into
56%
nightmares
56%
prayer
56%
thrown
56%
becomes
52%
Blood's
52%
flames
52%
lost
52%
pure
52%
spared
52%
thick
52%
Christian
48%
family,
48%
life
48%
mark
48%
screaming
48%
shrieking
48%
greed,
44%
happens
44%
placing
44%
riot
44%
set
44%
stone's
44%
warning
44%
pass
41%
smiles
41%
lose
37%
patched
37%
snarls
37%
tower
37%
track
37%
weaving
37%
mourning
33%
Twisting
30%
No matching quizzes found
Score Distribution
Percent of People with Each Score
Percentile by Number Answered
Your Score History
You have not taken this quiz